Transformation at the federal board of revenue ( FBR),Pakistan. (Record no. 351207)
[ view plain ]
| 000 -LEADER | |
|---|---|
| fixed length control field | 00651nam a22002177a 4500 |
| 003 - CONTROL NUMBER IDENTIFIER | |
| control field | OSt |
| 005 - DATE AND TIME OF LATEST TRANSACTION | |
| control field | 20260216120424.0 |
| 008 - FIXED-LENGTH DATA ELEMENTS--GENERAL INFORMATION | |
| fixed length control field | 160222b xxu||||| |||| 00| 0 eng d |
| 020 ## - INTERNATIONAL STANDARD BOOK NUMBER | |
| International Standard Book Number | 05-753-2012-1 |
| 040 ## - CATALOGING SOURCE | |
| Transcribing agency | 0 |
| 050 ## - LIBRARY OF CONGRESS CALL NUMBER | |
| Classification number | 174.4 |
| 082 ## - DEWEY DECIMAL CLASSIFICATION NUMBER | |
| Classification number | 174.4 |
| 100 ## - MAIN ENTRY--PERSONAL NAME | |
| Personal name | Jawwad,Abdul. |
| 9 (RLIN) | 133242 |
| 245 ## - TITLE STATEMENT | |
| Title | Transformation at the federal board of revenue ( FBR),Pakistan. |
| Remainder of title | Case Studies. |
| Statement of responsibility, etc. | Abdul Jawwad. |
| 260 ## - PUBLICATION, DISTRIBUTION, ETC. | |
| Place of publication, distribution, etc. | Lahore. |
| Name of publisher, distributor, etc. | LUMS |
| Date of publication, distribution, etc. | 2012. |
| 300 ## - PHYSICAL DESCRIPTION | |
| Extent | 43Pp. |
| 500 ## - GENERAL NOTE | |
| General note | Paper Cover |
| 590 ## - LOCAL NOTE (RLIN) | |
| Linkage (RLIN) | http://10.250.8.41:8080/xmlui/handle/123456789/56794 |
| 856 ## - ELECTRONIC LOCATION AND ACCESS | |
| Uniform Resource Identifier | <a href="http://10.250.8.41:8080/xmlui/handle/123456789/56794">http://10.250.8.41:8080/xmlui/handle/123456789/56794</a> |
| 942 ## - ADDED ENTRY ELEMENTS (KOHA) | |
| Source of classification or shelving scheme | |
| Koha item type | Case Studies |
| Call number prefix | 174.4 |
| Withdrawn status | Lost status | Source of classification or shelving scheme | Damaged status | Not for loan | Collection code | Permanent Location | Current Location | Shelving location | Date acquired | Total Checkouts | Full call number | Barcode | Date last seen | Date last checked out | Price effective from | Koha item type |
|---|---|---|---|---|---|---|---|---|---|---|---|---|---|---|---|---|
| Central Library (CL) | Central Library (CL) | Reference | 02/22/2016 | 1 | 174.4 LUMS | NBS9999 | 03/24/2016 | 02/25/2016 | 02/22/2016 | Case Studies |
